001930000a220007300045001000018000002450022000183000046000407730033000861 aSearle, David10aCross of Christ 4 aVol. 8, Núm 2 (1999), Páginas 123-1320 tEuropean Journal of Theology